| 000 | 00448nam a22001817a 4500 | ||
|---|---|---|---|
| 003 | OSt | ||
| 005 | 20260330034823.0 | ||
| 008 | 260330b |||||||| |||| 00| 0 eng d | ||
| 020 | _a9781853260353 | ||
| 040 |
_aDWCL GS lib _cOC |
||
| 082 | _aRes. 822.33 S527m 2003 | ||
| 100 | _aShakespeare, William | ||
| 245 | _aMacbeth | ||
| 300 |
_a128 pages: _c15cm. |
||
| 546 | _aEnglish | ||
| 650 | _aclassic tragedy | ||
| 942 |
_2ddc _cBK-0 CIRC _hRes. _n0 |
||
| 999 |
_c9299 _d9299 |
||